00568 2200229 4500001002100000005001700021008004100038020001800079035002400097082000800121090001500129100002100144245004000165250001100205260003700216300001900253650001700272850001500289980001300304985000600317999001500323YOGYA-0209000001757120090227022756.0 ind  a979-514-064-7 0010-020900000017571 a640 a640bSal R aSALIM, H.Hadiyah aRumahku mahligaikucH.Hadiyah Salim aCet. 7 aBandungbRemaja Rosdakaryac1994 a159 hlmc18 cm aRumah tangga aYOPDYOG(B) a02-02-06 a1 a95P0055829